Mathematics in the behavioral and social sciences / (Record no. 1463)

MARC details
000 -LEADER
fixed length control field 00591nam a2200181 4500
001 - CONTROL NUMBER
control field 1902
005 - DATE AND TIME OF LATEST TRANSACTION
control field 20181127164210.0
008 - FIXED-LENGTH DATA ELEMENTS--GENERAL INFORMATION
fixed length control field 700720s1970 nyua b 001 0 eng
010 ## - LIBRARY OF CONGRESS CONTROL NUMBER
LC control number 70113704
020 ## - INTERNATIONAL STANDARD BOOK NUMBER
International Standard Book Number 0155552511
100 1# - MAIN ENTRY--PERSONAL NAME
Personal name Bishir, John W.,
Dates associated with a name 1933-
245 10 - TITLE STATEMENT
Title Mathematics in the behavioral and social sciences /
Statement of responsibility, etc. John W. Bishir, Donald W. Drewes.
260 ## - PUBLICATION, DISTRIBUTION, ETC.
Place of publication, distribution, etc. New York :
Name of publisher, distributor, etc. Harcourt, Brace & World,
Date of publication, distribution, etc. 1970.
300 ## - PHYSICAL DESCRIPTION
Extent xiii, 714 p. :
Other physical details ill. ;
Dimensions 25 cm.
504 ## - BIBLIOGRAPHY, ETC. NOTE
Bibliography, etc. note Includes bibliographical references.
650 #0 - SUBJECT ADDED ENTRY--TOPICAL TERM
Topical term or geographic name entry element Calculus.
700 1# - ADDED ENTRY--PERSONAL NAME
Personal name Drewes, Donald W.,
Dates associated with a name 1930-
Relator term joint author.
Holdings
Withdrawn status Lost status Source of classification or shelving scheme Damaged status Not for loan Collection code Home library Current library Shelving location Serial Enumeration / chronology Inventory number Total Checkouts Full call number Barcode Date last seen Price effective from Koha item type
    Dewey Decimal Classification     Main TEST RTC Library RTC Library Main opac 1014   510.08 BIS 30002863 27/11/2018 27/11/2018 Main
Royal Thimphu College || All Right Reserved